| 000 -LEADER |
| fixed length control field |
00273nam a2200121Ia 4500 |
| 008 - FIXED-LENGTH DATA ELEMENTS--GENERAL INFORMATION |
| fixed length control field |
260210s9999 xx 000 0 und d |
| 020 ## - INTERNATIONAL STANDARD BOOK NUMBER |
| International Standard Book Number |
9789881470416 |
| 082 ## - DEWEY DECIMAL CLASSIFICATION NUMBER |
| Classification number |
686.224 |
| 100 ## - MAIN ENTRY--PERSONAL NAME |
| Personal name |
Send Points |
| 245 #0 - TITLE STATEMENT |
| Title |
It'S My Type |
| 260 ## - PUBLICATION, DISTRIBUTION, ETC. (IMPRINT) |
| Name of publisher, distributor, etc |
Send Points |
| 942 ## - ADDED ENTRY ELEMENTS (KOHA) |
| Item type |
B.Design |
| Source of classification or shelving scheme |
|